| 000 | 01202nam a2200313Ia 4500 | ||
|---|---|---|---|
| 001 | ebr10053406 | ||
| 003 | CaPaEBR | ||
| 006 | m u | ||
| 007 | cr cn||||||||| | ||
| 008 | 040616s2002 maua gsb 001 0 eng d | ||
| 020 | _z0306476614 | ||
| 040 |
_aCaPaEBR _cCaPaEBR |
||
| 035 | _a(OCoLC)70741749 | ||
| 050 | 1 | 4 |
_aRC142.5 _b.F54 2002eb |
| 245 | 0 | 4 |
_aThe filaria _h[electronic resource] / _cedited by Thomas R. Klei and T. V. Rajan. |
| 260 |
_aBoston, Mass. : _bKluwer Academic Publishers, _cc2002. |
||
| 300 |
_a190 p. : _bill. |
||
| 490 | 1 |
_aWorld class parasites ; _vv. 5 |
|
| 504 | _aIncludes bibliographical references and index. | ||
| 533 |
_aElectronic reproduction. _bPalo Alto, Calif. : _cebrary, _d2009. _nAvailable via World Wide Web. _nAccess may be limited to ebrary affiliated libraries. |
||
| 650 | 0 | _aFilariasis. | |
| 650 | 0 | _aFilarial worms. | |
| 655 | 7 |
_aElectronic books. _2local |
|
| 700 | 1 |
_aKlei, Thomas R., _d1942- |
|
| 700 | 1 |
_aRajan, T. V., _d1945- |
|
| 710 | 2 | _aebrary, Inc. | |
| 830 | 0 |
_aWorld class parasites ; _vv. 5. |
|
| 856 | 4 | 0 |
_uhttp://site.ebrary.com/lib/rucke/Doc?id=10053406 _zAn electronic book accessible through the World Wide Web; click to view |
| 999 |
_c169577 _d169577 |
||